Statistiques concernant Les pays ayant le plus de chevaux

Cliquez ici pour prendre le quiz!

Statistiques générales

  • Ce quiz a été pris 7 482 fois
  • Le résultat moyen est 7 sur 10

Statistiques - réponses

TotalPays% Correct
10.3 millionEtats-Unis
97%
6.03 millionChine
92%
1.37 millionRussie
88%
5.45 millionBrésil
84%
6.35 millionMexique
80%
3.60 millionArgentine
79%
3.00 millionMongolie
66%
0.822 millionColombie
49%
1.78 millionKazakhstan
43%
2.03 millionÉthiopie
11%

Distribution des résultats

Percentile par nombre de réponses

% des personnes avec chaque résultat

Votre développement - résultats

Vous n’avez pas pris ce quiz